skbl

Dr Suryya Kumar Bhuyan Library Web-OPAC
ডঃ সূৰ্য্য
কুমাৰ ভূঞা পুথিভঁৰাল ৱেব-অ'পেক

All Research Scholars are advised to clear the annual library fees to continue using Library Resources, Remote Access, Plagiarism Test and Library Clearance.

Cotton University Book Fair 2026

Newswriting And Reporting (Record no. 64474)

MARC details
000 -LEADER
fixed length control field 00541nam a2200181Ia 4500
001 - CONTROL NUMBER
control field 63370
008 - FIXED-LENGTH DATA ELEMENTS--GENERAL INFORMATION
fixed length control field 190618n ii |||gr||||Z||||||465
082 ## - DEWEY DECIMAL CLASSIFICATION NUMBER
Classification number 070.43
100 ## - MAIN ENTRY--PERSONAL NAME
Personal name Neal, James M.,
Relator term Author.
245 #0 - TITLE STATEMENT
Title Newswriting And Reporting
Statement of responsibility, etc. By James M. Neal & Suzanne S.Brown
Medium Textual Documents
260 ## - PUBLICATION, DISTRIBUTION, ETC.
Place of publication, distribution, etc. Delhi
Name of publisher, distributor, etc. Surjeet Publications
300 ## - PHYSICAL DESCRIPTION
Extent x 297pg:
Dimensions 23cm.
653 ## - INDEX TERM--UNCONTROLLED
Uncontrolled term Mass communication
653 ## - INDEX TERM--UNCONTROLLED
Uncontrolled term Newswriting, Reporting
653 ## - INDEX TERM--UNCONTROLLED
Uncontrolled term G- Mass communication
700 ## - ADDED ENTRY--PERSONAL NAME
Personal name Brown, Suzanne S.,
Relator term Author.
942 ## - ADDED ENTRY ELEMENTS (KOHA)
Source of classification or shelving scheme Dewey Decimal Classification
Koha item type Books
Holdings
Withdrawn status Lost status Damaged status Not for loan Collection Home library Current library Shelving location Date acquired Coded location qualifier Cost, normal purchase price Total checkouts Full call number Barcode Date last seen Copy number Price effective from Koha item type
          Dr. Suryya Kumar Bhuyan Library Dr. Suryya Kumar Bhuyan Library   18/06/2019 00000 895.00   070.43 No 25 Ne 667/Cu 14/01/2024 1 18/06/2019 Books

Designed and Maintained by Team SKBL
©1901-2026

Powered by Koha